000 00680nam a2200289Ia 4500
005 20260324125024.0
008 008 260324s9999 xx 000 0 eng d
020 _a9780203086148
037 _aEBOOK
040 _aCRL
040 _beng
040 _cCRL
041 _2eng
041 _aeng
084 _qCRL
100 _aColin Murray Parkes
_91160175
245 0 _aLove and Loss
245 4 _bThe Roots of Grief and its Complications
260 _bTaylor and Francis
260 _c2009
365 _a
365 _b99.99
856 _uhttp://www.taylorfrancis.com/books/9780203086148
942 _cEBOOK
999 _c1771288
_d1771288